|
|
|
|
| LEADER |
03094nam a2200397 a 4500 |
| 001 |
36759 |
| 003 |
BD-DhAAL |
| 005 |
20211124131600.0 |
| 008 |
191202t2010 nyua b 001 0 eng d |
| 999 |
|
|
|c 41039
|d 41039
|
| 010 |
|
|
|a 2010455784
|
| 020 |
|
|
|a 9780199733224
|
| 040 |
|
|
|a DLC
|c DLC
|d DLC
|d BD-DhAAL
|
| 050 |
0 |
0 |
|a QD272.S6
|b C74 2010
|
| 082 |
|
|
|a 547.122
|2 21
|
| 100 |
1 |
|
|a Crews, Phillip,
|d 1943-
|9 37856
|
| 245 |
1 |
0 |
|a Organic structure analysis /
|c Phillip Crews, Jaime Rodríguez, Marcel Jaspars.
|
| 250 |
|
|
|a International second edition
|
| 260 |
|
|
|a New York :
|b Oxford University Press,
|c 2010.
|
| 300 |
|
|
|a xvii, 549 pages :
|b illustrations ;
|c 29 cm.
|
| 490 |
0 |
|
|a Topics in organic chemistry
|
| 504 |
|
|
|a Includes bibliographical references and index.
|
| 526 |
|
|
|a PHR
|
| 541 |
|
|
|a Karim International
|e 36759, 36760, 36761, 36762, 36763
|
| 650 |
|
0 |
|a Organic compounds
|x Analysis.
|9 37857
|
| 650 |
|
0 |
|a Spectrum analysis.
|9 37858
|
| 650 |
|
0 |
|a Pharmacy.
|9 43096
|
| 700 |
1 |
|
|a Rodríguez, Jaime,
|d 1963-
|9 37859
|
| 700 |
1 |
|
|a Jaspars, Marcel,
|d 1966-
|9 37860
|
| 852 |
|
|
|a Ayesha Abed Library
|c General Stacks
|
| 942 |
|
|
|2 ddc
|c BK
|
| 952 |
|
|
|0 0
|1 0
|2 ddc
|4 0
|6 547_122000000000000_CRE
|7 0
|9 67205
|a BRACUL
|b BRACUL
|c GEN
|d 2019-11-19
|e Karim International
|g 7300.00
|l 0
|o 547.122 CRE
|p 3010036759
|r 2019-11-19
|t 1
|v 11990.00
|w 2019-11-19
|y BK
|x As ordered title was not available, the supplier sent us International Edition of the same title as slightly lower price (W/O unit price: Tk. 11,990.00 & delivered unit price: Tk. 7300.00)
|
| 952 |
|
|
|0 0
|1 0
|2 ddc
|4 0
|6 547_122000000000000_CRE
|7 0
|9 67206
|a BRACUL
|b BRACUL
|c GEN
|d 2019-11-19
|e Karim International
|g 7300.00
|l 1
|o 547.122 CRE
|p 3010036760
|r 2023-09-19
|s 2023-09-10
|t 2
|v 11990.00
|w 2019-11-19
|y BK
|x As ordered title was not available, the supplier sent us International Edition of the same title as slightly lower price (W/O unit price: Tk. 11,990.00 & delivered unit price: Tk. 7300.00)
|
| 952 |
|
|
|0 0
|1 0
|2 ddc
|4 0
|6 547_122000000000000_CRE
|7 0
|9 67207
|a BRACUL
|b BRACUL
|c GEN
|d 2019-11-19
|e Karim International
|g 7300.00
|l 0
|o 547.122 CRE
|p 3010036761
|r 2019-11-19
|t 3
|v 11990.00
|w 2019-11-19
|y BK
|x As ordered title was not available, the supplier sent us International Edition of the same title as slightly lower price (W/O unit price: Tk. 11,990.00 & delivered unit price: Tk. 7300.00)
|
| 952 |
|
|
|0 0
|1 0
|2 ddc
|4 0
|6 547_122000000000000_CRE
|7 0
|9 67208
|a BRACUL
|b BRACUL
|c GEN
|d 2019-11-19
|e Karim International
|g 7300.00
|l 0
|o 547.122 CRE
|p 3010036762
|r 2019-11-19
|t 4
|v 11990.00
|w 2019-11-19
|y BK
|x As ordered title was not available, the supplier sent us International Edition of the same title as slightly lower price (W/O unit price: Tk. 11,990.00 & delivered unit price: Tk. 7300.00)
|
| 952 |
|
|
|0 0
|1 0
|2 ddc
|4 0
|6 547_122000000000000_CRE
|7 0
|9 67209
|a BRACUL
|b BRACUL
|c GEN
|d 2019-11-19
|e Karim International
|g 7300.00
|l 1
|o 547.122 CRE
|p 3010036763
|r 2025-07-07
|s 2025-03-06
|t 5
|v 11990.00
|w 2019-11-19
|y BK
|x As ordered title was not available, the supplier sent us International Edition of the same title as slightly lower price (W/O unit price: Tk. 11,990.00 & delivered unit price: Tk. 7300.00)
|